Historia de Chile: Campaña de 1817, 1818. Gavilán, Talcahuano, Cancha Rayada, Maipo. Contribución a la Historia Militar de Chile
Guardat en:
| Autor principal: | |
|---|---|
| Format: | Llibre |
| Idioma: | espanyol |
| Publicat: |
Santiago
Imprenta y Litografía Barcelona
1918
|
| Edició: | 1a. ed |
| Matèries: | |
| Etiquetes: |
Afegir etiqueta
Sense etiquetes, Sigues el primer a etiquetar aquest registre!
|
MARC
| LEADER | 00000nam a2200000 a 4500 | ||
|---|---|---|---|
| 001 | UCJ4442 | ||
| 003 | CL-VaPUC | ||
| 008 | 070124e19180000CL |||||||||||||||||spa|d | ||
| 082 | 0 | 4 | |a 983 |b ARR |2 21 |
| 100 | 0 | |a Arroyo Alvarado, Guillermo |e author |9 508138 | |
| 245 | 1 | 0 | |a Historia de Chile: Campaña de 1817, 1818. Gavilán, Talcahuano, Cancha Rayada, Maipo. Contribución a la Historia Militar de Chile |
| 250 | |a 1a. ed | ||
| 300 | |a 640 p | ||
| 942 | |c BK | ||
| 945 | |d 20070124 00:00:00 |a rinostro | ||
| 260 | |a Santiago |b Imprenta y Litografía Barcelona |c 1918 | ||
| 500 | |a Cuatro mapas correspondientes a las batallas de Gavilán, Talcahuano, Cancharrayada y Maipo | ||
| 600 | 0 | |a O'higgins Riquelme, Bernardo |9 387808 | |
| 600 | 0 | 7 | |a SAN MARTIN, JOSE DE |2 CL-VaPUC |9 508139 |
| 600 | 0 | 7 | |a OSORIO, MARIANO |2 CL-VaPUC |9 505208 |
| 600 | 0 | 7 | |a RODRIGUEZ, MANUEL |2 CL-VaPUC |9 309076 |
| 650 | 0 | |a Historia |9 255047 | |
| 650 | 7 | |a BATALLAS |2 CL-VaPUC |9 376940 | |
| 650 | 0 | |a Operaciones militares |9 372045 | |
| 650 | 0 | |a Guerra de la independencia |9 331979 | |
| 650 | 7 | |a CORSARIOS |2 CL-VaPUC |9 317856 | |
| 650 | 7 | |a MONTONERAS |2 CL-VaPUC |9 504218 | |
| 650 | 7 | |a GUERRA A MUERTE |2 CL-VaPUC |9 506727 | |
| 651 | 7 | |a CHILE |2 CL-VaPUC |9 508140 | |
| 651 | 7 | |a TALCAHUANO |2 CL-VaPUC |9 315380 | |
| 651 | 7 | |a CANCHA RAYADA |2 CL-VaPUC |9 508141 | |
| 583 | |a last modification |c 20070124 00:00:00 |k Rodrigo Vera | ||
| 999 | |c 320558 |d 320556 | ||
| 952 | |0 0 |1 0 |4 0 |6 983_000000000000000_ARR_1918 |7 0 |8 X |9 399103 |a FDOBUD |b FDOBUD |d 2019-11-22 |i 1018302 |o 983 ARR 1918 |p 1018302 |r 2019-11-22 |w 2019-11-22 |y BK_X |k BUD | ||